000 00581nam a2200229Ia 4500
001 12538
003 GE_BSU
008 181216s||||||||xx |||||||||||||| ||und||
020 _a9781412976916
040 _cGE_BSU
080 _a30
100 _aDainton,Marianne. Zelly D.Elaine
245 _aAppling Communication Theory for Professional Life
245 2 _bA practical introduction
260 _aLos Angeles
260 _bSage
260 _c2011
300 _a246p.22cm.
541 _h131Gel.
653 _aAppling Communication Theory for Professional Life
942 _cBK
999 _c45711
_d45711